Serie A All-time table Top 25 - Statistics

General Stats
  • This quiz has been taken 77 times
  • The average score is 16 of 20
Answer Stats
# Pld Current lvl Latest season Pts GD Team % Correct
3 2,864 I 2019-20 4,029 1,748 AC Milan
100%
4 2,886 I 2019-20 3,759 971 AS Roma
100%
2 2,924 I 2019-20 4,179 1,863 Inter Milan
100%
1 2,886 I 2019-20 4,501 2,316 Juventus
100%
7 2,432 I 2019-20 2,973 484 SSC Napoli
100%
6 2,586 I 2019-20 3,099 348 SS Lazio
97%
5 2,724 I 2019-20 3,288 648 ACF Fiorentina
91%
15 894 I 2019-20 1,210 51 Parma Calcio
88%
8 2,496 I 2019-20 2,800 370 Torino FC
88%
10 2,126 I 2019-20 2,353 -11 UC Sampdoria
88%
9 2,422 I 2019-20 2,680 226 Bologna FC
85%
19 904 I 2019-20 843 -306 Hellas Verona
85%
16 1,030 IV 2016-17 1,048 -380 SSD Palermo
85%
11 1,998 I 2019-20 2,048 -392 Atalanta BC
82%
13 1,782 I 2019-20 1,800 -256 Genoa CFC
82%
14 1,330 I 2019-20 1,417 -221 Cagliari Calcio
81%
12 1,600 I 2019-20 1,829 -234 Udinese Calcio
81%
18 1,010 III 2010-11 874 -536 SSC Bari
60%
20 874 III 1958-59 774 -276 US Triestina
26%
17 986 III 2000-01 943 -247 LR Vicenza Virtus
24%
No matching quizzes found
Score Distribution
Percent of People with Each Score
Percentile by Number Answered
Your Score History
You have not taken this quiz